=LDR 00000nam 2200000 4500 =001 INLIS000000000033613 =005 20130612135546 =008 ***********************************ind** =035 ##$$0010-061300000033613 =041 ##$$a ind =082 ##$$a 2 x 3. 51 =090 ##$$a 2 x 3. 51, Rak m =100 ##$$a Rakhmat, Jalaluddin =245 ##$$a Memaknai kematin agar mati menjadi istirahat paling indah, Jalaludin Rakhmat =260 ##$$a 2008 $b Bandung =300 ##$$a vii, 309 hlm, 17 cm =650 ##$$a Kematian =850 ##$$a NBPNMAT